Science Quiz

Random Science or Anatomy Quiz

Thigh muscles (latin) Quiz Stats

 Plays Quiz not verified by Sporcle

Challenge
Share
Tweet
Score 0/13 Timer 05:00
0 Plays Today
% Correct
M sartorius
85.7%
M biceps femoris
85.7%
M rectus femoris
71.4%
M adductor longus
71.4%
M adductor brevis
71.4%
M adductor magnus
71.4%
M gracilis
71.4%
M semimembranosus
71.4%
M semitendinosus
71.4%
M vastus lateralis
57.1%
M vastus medialis
57.1%
M vastus intermedius
57.1%
M pectineus
57.1%

You're not logged in!

Compare scores with friends on all Sporcle quizzes.
OR
Log In

You Might Also Like...

Show Comments

Extras

Top Quizzes Today


Score Distribution

Your Account Isn't Verified!

In order to create a playlist on Sporcle, you need to verify the email address you used during registration. Go to your Sporcle Settings to finish the process.

Report this User

Report this user for behavior that violates our Community Guidelines.

Details: